00313nam a2200121Ia 45000030006000000080041000060400015000471000019000622450062000812600019001435460012001620050017001740STCL150530s9999 xx 000 0 und d aSTCLcSTCL aMacaulay, T.B. aHistory of England from the Accession of James II vol III bJ.M.Dentc1923 aEnglish20220125171436.0